000 01194nam a2200337 i 4500
003 EG-GICUC
005 20260121101530.0
008 251220s1998 ua ||||fr|||| 00| 0 ara d
017 _a١٤٣٤٧ / ١٩٩٨
020 _a977-5904-25-0
040 _a EG-GICUC
_bara
_c EG-GICUC
_d EG-GICUC
_erda
041 0 _aara
082 0 4 _221
_a345.31
_bت ا . ض
092 0 4 _221
099 _aLaw1 07 345.31 ت ا . ض 1998
100 0 _aتاج الدين محمد تاج الدين
_eمؤلف.
245 1 2 _aالقضاء :
_bإدارياً وقضائياً /
_cتاج الدين محمد تاج الدين.
264 1 _aالإسكندرية :
_bدار الوفاء،
_c1998.
300 _a55 ؛صفحة
_c24 سم.
336 _2rda content
_atext
337 _2rda media
_aComputer
338 _2rda carrier
_aOnline Resource
490 _3سلسلة الكراسة القانونية
504 _a.55 ببليوجرافيا: صفحات
546 _aالنص باللغة العربية
650 1 4 _aالضبط الإداري
650 1 4 _aالقانون الإداري
856 4 0 _uhttps://fll.law.cu.edu.eg/fulltext/bks/B07-00906.pdf
905 _a32
942 _2ddc
_cBK
_e21
_n0
999 _c52052
_d52052